Paulina María Jaricot: fundadora de la obra de la propagación de la fe

Saved in:
Bibliografiske detaljer
Hovedforfatter: Franceschi, Gustavo J (Author)
Format: Bog
Sprog:spansk
Udgivet: Buenos Aires Difusión 1938
Udgivelse:1a. ed
Serier:Colección Católica Noel
Fag:
Tags: Tilføj Tag
Ingen Tags, Vær først til at tagge denne postø!

MARC

LEADER 00000cam a2200000 a 4500
001 UCD1927
003 CL-VaPUC
008 160407e19380000ag |||||||||||||||||spa|d
082 0 4 |a 248.5  |b FRA  |2 21 
100 0 |a Franceschi, Gustavo J  |e author  |9 585097 
245 1 0 |a Paulina María Jaricot: fundadora de la obra de la propagación de la fe 
250 |a 1a. ed 
300 |a 25 p 
942 |c BK 
945 |d 20160407 22:06:00  |a dcastane 
260 |a Buenos Aires  |b Difusión  |c 1938 
650 0 |a Vida cristiana  |9 258753 
650 0 |a Experiencia religiosa  |9 315549 
650 7 |a TESTIMONIO CRISTIANO  |2 CL-VaPUC  |9 540764 
583 |a last modification  |c 20160407 22:06:00  |k Rodrigo Vera 
490 0 |a Colección Católica Noel 
999 |c 363135  |d 363133 
952 |0 0  |1 0  |3 erb  |4 0  |6 248_500000000000000_FRA_1938  |7 0  |8 X  |9 474953  |a BIBTEO  |b BIBTEO  |c TEO_FFR  |i 5220440  |o 248.5 FRA 1938  |p 5220440  |r 2024-01-18  |w 2019-11-24  |y BK_X  |z Catalogado en:20160407  |k OFM